书目信息 |
| 题名: |
跳远
|
|
| 作者: | 李鸿江 编著 | |
| 分册: | ||
| 出版信息: | 北京 人民体育出版社 1997 |
|
| 页数: | 116页 | |
| 开本: | 19cm | |
| 丛书名: | 田径运动教学训练实用丛书 | |
| 单 册: | ||
| 中图分类: | G823.3 | |
| 科图分类: | ||
| 主题词: | 跳远--基本知识 , 跳远 | |
| 电子资源: | ||
| ISBN: | 7-5009-1348-6 | |
| 000 | 00690oam2 2200253 450 | |
| 001 | 1260325338 | |
| 005 | 20121007164603.60 | |
| 010 | @a7-5009-1348-6@dCNY7.00 | |
| 100 | @a19971007d1997 em y0chiy0110 ea | |
| 101 | 0 | @achi |
| 102 | @aCN@b110000 | |
| 105 | @ay z 000yy | |
| 200 | 1 | @a跳远@Atiao yuan@f李鸿江编著 |
| 210 | @a北京@c人民体育出版社@d1997 | |
| 215 | @a116页@d19cm | |
| 225 | 2 | @a田径运动教学训练实用丛书 |
| 300 | @a封面题:田径教学训练实用丛书 | |
| 461 | 0 | @12001 @a田径运动教学训练实用丛书 |
| 606 | 0 | @a跳远@x基本知识 |
| 606 | 0 | @a跳远 |
| 690 | @aG823.3@v3 | |
| 701 | 0 | @a李鸿江@Ali hong jiang@4编著 |
| 801 | 0 | @aCN@bNLC@c20101222 |
| 905 | @a10447@dG823.3@eJY238 | |
| 跳远/李鸿江编著.-北京:人民体育出版社,1997 |
| 116页;19cm.-(田径运动教学训练实用丛书) |
| 封面题:田径教学训练实用丛书 |
| ISBN 7-5009-1348-6:CNY7.00 |
| ● |
| 相关链接 |
|
|
|
|
正题名:跳远
索取号:G823.3/JY238
 
预约/预借
| 序号 | 登录号 | 条形码 | 馆藏地/架位号 | 状态 | 备注 |
| 1 | 7829090 | 278290902 | 学院路分馆/ [索取号:G823.3/JY238] | 在馆 |